Economic Papers 15

Gespeichert in:
Bibliographische Detailangaben
Format: Buch
Sprache:Englisch
Veröffentlicht: Warsaw Central School of Planning and Statistics 1987
Ausgabe:1. ed.
Tags: Tag hinzufügen
Keine Tags, Fügen Sie das erste Tag hinzu!

MARC

LEADER 00000nam a2200000 4500
001 c111277
005 20221219115732.3
041 0 |a eng 
044 |a PL 
245 1 0 |a Economic Papers 15 
250 |a 1. ed. 
264 1 |a Warsaw  |b Central School of Planning and Statistics  |c 1987 
300 |a 292 s.